Libro verde sobre la innovación

Gespeichert in:
Bibliographische Detailangaben
Körperschaft: Comisión Europea (VerfasserIn)
Format: Buch
Sprache:Spanisch
Veröffentlicht: Luxemburgo Oficina de Publicaciones Oficiales de las Comunidades Europeas 1996
Schriftenreihe:Boletín de la Unión Europea. Suplemento, 5,95
Schlagworte:
Tags: Tag hinzufügen
Keine Tags, Fügen Sie den ersten Tag hinzu!

MARC

LEADER 00000nam a2200000 a 4500
001 UCU1772
003 CL-VaPUC
008 960412e19960000LU |||||||||||||||||spa|d
082 0 4 |a 337.142  |b COM  |2 21 
110 2 |a Comisión Europea  |e author  |9 357539 
245 1 0 |a Libro verde sobre la innovación 
300 |a 108 p 
942 |c BK 
945 |d 19960412 00:00:00  |a rleighto 
260 |a Luxemburgo  |b Oficina de Publicaciones Oficiales de las Comunidades Europeas  |c 1996 
600 0 7 |a UNION EUROPEA  |2 CL-VaPUC  |9 320734 
650 0 |a Comunidad Europea  |9 255772 
650 0 |a Sociedad  |9 307903 
650 7 |a INDUSTRIA  |2 CL-VaPUC  |9 315110 
650 0 |a Recursos humanos   |9 228420 
650 0 |a Economía   |9 255568 
650 0 |a Educación  |9 258661 
583 |a last modification  |c 19960412 00:00:00  |k Rodrigo Vera 
490 0 |a Boletín de la Unión Europea. Suplemento, 5,95 
999 |c 246285  |d 246283 
952 |0 0  |1 0  |4 0  |6 337_142000000000000_COM_1996  |7 0  |8 A  |9 261119  |a BIBENE  |b BIBENE  |d 2019-11-19  |i 3191397  |o 337.142 COM 1996  |p 3191397  |r 2025-01-15  |w 2019-11-19  |y BK  |k ICO 
952 |0 0  |1 0  |4 0  |6 337_142000000000000_COM_1996  |7 0  |8 A  |9 261120  |a BIBENE  |b BIBENE  |d 2019-11-19  |i 3218279  |o 337.142 COM 1996  |p 3218279  |r 2025-01-15  |w 2019-11-19  |y BK  |k ICO